000 00518nam a22001697a 4500
005 20231102133232.0
008 231102b |||||||| |||| 00| 0 eng d
041 _aEnglish
082 _a346.6 GOW
100 _aGower, LCB
_lEnglish
245 _aThe Principles of Modern Company Law /
_cLCB Gower
250 _aSecond Edition
260 _aLondon :
_bStevens and Sons Limited,
_c1957
300 _bxlvii, 631 pages ;
_c26 cm.
650 _aLegal practice
_bLaw
942 _cBK
_6ALISON_BN_VRIES
999 _c260
_d260